000 00691nam a2200217 4500
001 111654
003 ES-MaACL
005 20250801090227.0
007 t|
008 061121s1970 sp r ||||1| spa d
080 _a86-31"16"(082.2)
245 0 0 _aNarraciones de la España del Barroco /
_cintroducción, selección y notas, Félix Herrero Salgado.
260 _aMadrid :
_bMagisterio Español,
_c1970.
300 _a157 p. ;
_c18 cm.
490 1 _aNovelas y cuentos ;
_v73
650 4 _aNovelas españolas-
_yS.XVI-XVII.
_9169395
700 1 _aHerrero Salgado, Félix.
_963342
830 1 0 _aNovelas y cuentos
_v73
_9179596
852 _aES-MaACL
_jC-44314
999 _c111654
_d111654